Rozpoznaj film po kadrze #7 - Statystyki

Ogólne statystyki
  • Ten quiz został rozwiązany 41 razy
  • Średni wynik to 8 z 20
Statystyki odpowiedzi
Obrazkowy Odpowiedź % Poprawnych
Sami swoi
100%
Kiler
91%
Pasja
86%
Terminator 2: Dzień sądu
77%
Poszukiwacze zaginionej Arki
74%
Szeregowiec Ryan
74%
Lot nad kukułczym gniazdem
57%
Egzorcysta
40%
Pluton
31%
Na noże
29%
Wielka Szóstka
29%
Klaus
23%
Annie Hall
20%
Dzień próby
20%
Choć goni nas czas
17%
Przesłuchanie
17%
Rękopis znaleziony w Saragossie
17%
Trzy kolory: Czerwony
11%
Pora umierać
9%
Wróg publiczny
9%
Nie znaleziono quizów pasujących do podanych kryteriów
Rozkład punktacji
Procent ludzi z każdym wynikiem
Percentyl według liczby udzielonych odpowiedzi
Twoja historia wyników
Nie rozwiązałeś tego quizu